01171nam a2200289 a 4500001001100000003000800011006001900019007001500038008004100053010001700094020002800111040002100139035002000160050002300180082002000203100002900223245012700252260004400379300001400423504006600437533015200503650004200655655002900697710001700726856012500743999001300868ebr5003891CaPaEBRm u cr cn|||||||||980630s1999 ctu sb 001 0 eng  z 98027836  z1567200419 (alk. paper) aCaPaEBRcCaPaEBR a(OCoLC)7076368714aJK467b.J33 1999eb04a322/.3/09732211 aJacobs, David C.,d1953-10aBusiness lobbies and the power structure in Americah[electronic resource] :bevidence and arguments /cDavid C.D. Jacobs. aWestport, Conn. :bQuorum Books,c1999. ax, 183 p. aIncludes bibliographical references (p. [171]-173) and index. aElectronic reproduction.bPalo Alto, Calif. :cebrary,d2013.nAvailable via World Wide Web.nAccess may be limited to ebrary affiliated libraries. 0aBusiness and politicszUnited States. 7aElectronic books.2local2 aebrary, Inc.40uhttp://site.ebrary.com/lib/rucke/Doc?id=5003891zAn electronic book accessible through the World Wide Web; click to view c656d656